Normal view
MARC view
Entry Topical Term
001 - CONTROL NUMBER
- control field: 30237
003 - CONTROL NUMBER IDENTIFIER
- control field: ARRUPE
005 - DATE AND TIME OF LATEST TRANSACTION
- control field: 20170502102149.0
008 - FIXED-LENGTH DATA ELEMENTS
- fixed length control field: 170502|| aca||aabn | a|a d
040 ## - CATALOGING SOURCE
- Original cataloging agency: ARRUPE
- Transcribing agency: ARRUPE
150 ## - HEADING--TOPICAL TERM
- Topical term or geographic name as entry element: Migrant labour
- Geographic subdivision: Zambia
670 ## - SOURCE DATA FOUND
- Source citation: Work cat.: (ARRUPE)60938: Ohadike, Patrick O. 30208, Development of and factors in the employment of African migrants in the copper mines of Zambia, 1969